000 00655nas a2200217 4500
001 BR8800571
003 BR-BrBNA
005 20231205091025.0
007 ta
008 230509b bl.|||p| |||| 00| 00por d
040 _aBR-BrBNA
_bpor
_cBiblioteca Nacional de Agricultura
041 _a(Pt)
072 _aM40
100 1 _aSilva, N.M.M. da
245 1 _aOs crustaceos brasileiros: 2. paguros ou ermitoes, os moradores em casa alheia
650 _aCRUSTACEO
650 _aBIOLOGIA
773 0 _tNatureza em Revista (Brazil)
_xISSN 0100-4700
_g(1985), (no. 10) p. 16-20
_wBR8800571
909 _a202311
_bLúcia
_c55
_dLúcia Elande
942 _2AGRIS
_n0
_cANA
999 _c122294
_d122294